000 00310nam a22001337a 4500
082 _a001
_bNAT/I
100 _aNATIONALDOMESTIC
245 _aIS IT REAL?
260 _aUK
_bNATIONAL GEOGRAPHIC
_c2015
300 _bCD
520 _aABOUT SUPER HMANS, MONSTERS OF THE DEEP
650 _aSUPER HUMANS
942 _cBK
999 _c7252
_d7252